[Event "AUTO-INT-2289"]
[Site "http://www.queenalice.com/game.php?id=1046252"]
[Date "2012.4.6"]
[Round "1"]
[White "ElvisCarvalho"]
[Black "Tartcover"]
[Result "0-1"]
[WhiteElo "1431"]
[BlackElo "1643"]

1. e4 e5 2. Qh5 Nf6 3. Qxe5+ Qe7 4. Qxc7 Nc6 5. Qf4 Ne5 6. Qe3 b6 7. d4 Neg4 8.
Qf4 d5 9. Bb5+ Bd7 10. Bxd7+ Qxd7 11. f3 Nh6 12. Qe5+ Be7 13. Bxh6 gxh6 14. Nc3
dxe4 15. Nxe4 Kf8 16. Nxf6 Bxf6 17. Qe4 Re8 18. Qxe8+ Qxe8+ 19. Ne2 Bxd4 20. c3
Bc5 21. b4 Be3 22. a4 Rg8 23. g4 Qd7 24. h3 Qd2+ 25. Kf1 Qb2 26. Rd1 Kg7 27. Rh2
Re8 28. Rd3 Qb1+ 29. Kg2 Qxd3 30. Ng1 Bf4 31. Rh1 Qd2+ 32. Kf1 Re1# 0-1

[Event "AUTO-INT-2289"]
[Site "http://www.queenalice.com/game.php?id=1046253"]
[Date "2012.4.6"]
[Round "1"]
[White "Tartcover"]
[Black "ElvisCarvalho"]
[Result "1-0"]
[WhiteElo "1653"]
[BlackElo "1379"]

1. d4 e6 2. Nc3 d5 3. Nf3 Qd6 4. e3 Nf6 5. Bd3 Be7 6. O-O Ne4 7. Nxe4 dxe4 8.
Bxe4 O-O 9. c4 c6 10. c5 Qc7 11. Qc2 Nd7 12. Bxh7+ Kh8 13. Bd3 Nf6 14. Be2 Nh7
15. Ne5 Bf6 16. Bd3 g6 17. h4 Bxh4 18. Bxg6 Qe7 19. Bxh7 Qg5 20. Bd3 Rg8 21. f4
Qg4 22. Nxf7+ Kg7 23. Ne5 Qg3 24. Rf3 Qe1+ 25. Bf1 Qa5 26. Qg6+ Kf8 27. Qf7# 1-0

[Event "AUTO-INT-2289"]
[Site "http://www.queenalice.com/game.php?id=1046266"]
[Date "2012.4.6"]
[Round "1"]
[White "salvachess"]
[Black "Tartcover"]
[Result "0-1"]
[WhiteElo "1539"]
[BlackElo "1633"]

1. d4 Nf6 2. Nf3 e6 3. Nc3 Bb4 4. Bg5 O-O 5. Bxf6 Qxf6 6. a3 Bxc3+ 7. bxc3 Nc6
8. e3 d5 9. Bb5 Bd7 10. Bxc6 Bxc6 11. O-O a5 12. Qd3 Ba4 13. h4 h6 14. e4 c6 15.
exd5 exd5 16. g3 Bb5 17. c4 Bxc4 18. Qd2 Bxf1 19. Kxf1 Qxf3 20. a4 Qh1+ 21. Ke2
Rae8+ 22. Kd3 Qxa1 23. f4 Qa3+ 24. c3 Qxa4 25. g4 Qb5+ 26. Kc2 Re2 0-1

[Event "AUTO-INT-2289"]
[Site "http://www.queenalice.com/game.php?id=1046267"]
[Date "2012.4.6"]
[Round "1"]
[White "Tartcover"]
[Black "salvachess"]
[Result "1-0"]
[WhiteElo "1645"]
[BlackElo "1527"]

1. d4 Nc6 2. d5 Na5 3. e4 e6 4. Nc3 Bb4 5. Bd2 exd5 6. Nxd5 Bxd2+ 7. Qxd2 c6 8.
Nc3 Nf6 9. Nf3 d5 10. O-O-O O-O 11. e5 Nd7 12. Bd3 f6 13. e6 Nc5 14. Bf5 Nxe6
15. Rde1 Re8 16. h4 g6 17. Bd3 f5 18. Qh6 Qd6 19. Ng5 Qe7 20. g4 Nxg5 21. Rxe7
Rxe7 22. hxg5 Be6 23. f4 Rae8 24. gxf5 gxf5 25. g6 hxg6 26. Qh8+ Kf7 27. Rh7#
1-0

[Event "AUTO-INT-2289"]
[Site "http://www.queenalice.com/game.php?id=1046274"]
[Date "2012.4.6"]
[Round "1"]
[White "Acuario_72"]
[Black "Tartcover"]
[Result "1-0"]
[WhiteElo "1680"]
[BlackElo "1658"]

1. g3 d5 2. Bg2 e6 3. e3 Nf6 4. d4 Nc6 5. b3 Bb4+ 6. Bd2 O-O 7. Bxb4 Nxb4 8. Ne2
Qe8 9. c3 Nc6 10. Na3 a6 11. Nf4 b5 12. O-O Ne7 13. c4 Rb8 14. c5 c6 15. Nc2 a5
16. b4 a4 17. a3 Ne4 18. Qd3 f5 19. f3 Ng5 20. h4 Nf7 21. e4 dxe4 22. fxe4 Nh6
23. e5 Ng4 24. Ne3 Nxe3 25. Qxe3 Nd5 26. Nxd5 cxd5 27. Ra2 Qg6 28. Rf4 h6 29.
Kh2 Qh7 30. Bh3 Bd7 31. Rg2 g5 32. hxg5 hxg5 33. Rff2 Qh5 34. g4 fxg4 35. Rxg4
Rxf2+ 36. Qxf2 Rf8 37. Qg3 Rf5 38. Kg1 Kf7 39. Bg2 Be8 40. Bf3 Qh7 41. Be2 Ke7
42. Rxg5 Rxg5 43. Qxg5+ Kd7 44. Bxb5+ Kc7 45. Bxe8 Qb1+ 46. Kf2 Qb2+ 47. Ke1
Qa1+ 48. Ke2 Qb2+ 49. Kf3 Qxa3+ 50. Kg4 Qxb4 51. Qe7+ Kb8 52. Qd6+ Ka7 53. Qd7+
Qb7 54. Qxa4+ 1-0

[Event "AUTO-INT-2289"]
[Site "http://www.queenalice.com/game.php?id=1046275"]
[Date "2012.4.6"]
[Round "1"]
[White "Tartcover"]
[Black "Acuario_72"]
[Result "0-1"]
[WhiteElo "1641"]
[BlackElo "1611"]

1. d4 g6 2. c4 Nf6 3. Nc3 Bg7 4. Nf3 O-O 5. e4 b6 6. Bd3 Bb7 7. O-O Na6 8. e5
Nh5 9. Re1 f5 10. Ng5 h6 11. Nh3 e6 12. Nf4 Qg5 13. Nxh5 Qxg2# 0-1

[Event "AUTO-INT-2302"]
[Site "http://www.queenalice.com/game.php?id=1051513"]
[Date "2012.4.22"]
[Round "1"]
[White "Tartcover"]
[Black "Pantaleon"]
[Result "1-0"]
[WhiteElo "1573"]
[BlackElo "1666"]

1. d4 Nf6 2. c4 d5 3. Nc3 c6 4. Nf3 Bf5 5. e3 e6 6. Be2 Be7 7. O-O Nbd7 8. a3
dxc4 9. Ne5 O-O 10. Bxc4 Nb6 11. Ba2 Qc7 12. Qf3 Nbd5 13. Bd2 1-0

[Event "AUTO-INT-2302"]
[Site "http://www.queenalice.com/game.php?id=1051514"]
[Date "2012.4.22"]
[Round "1"]
[White "Pantaleon"]
[Black "Tartcover"]
[Result "0-1"]
[WhiteElo "1646"]
[BlackElo "1593"]

1. e4 e5 2. Nf3 Nc6 3. d4 exd4 4. Nxd4 Nf6 5. Nc3 Bb4 6. Nxc6 dxc6 7. Qxd8+ Kxd8
8. Bd3 Re8 9. Bg5 Be6 10. e5 Bg4 11. O-O Rxe5 12. Bf4 Rh5 13. Ne4 Nxe4 14. Bxe4
Be2 15. Rfb1 f5 16. Bd3 Bxd3 17. cxd3 Kd7 18. a3 Bd6 19. Bxd6 cxd6 0-1

[Event "AUTO-INT-2302"]
[Site "http://www.queenalice.com/game.php?id=1051515"]
[Date "2012.4.22"]
[Round "1"]
[White "Tartcover"]
[Black "Robert_Faria"]
[Result "0-1"]
[WhiteElo "1602"]
[BlackElo "1692"]

1. d4 d5 2. c4 e6 3. Nf3 c6 4. Nc3 Nf6 5. Bg5 Be7 6. e3 O-O 7. Bd3 Nbd7 8. Qc2
Re8 9. Bxf6 Nxf6 10. Ng5 g6 11. O-O-O dxc4 12. Bxc4 Nd5 13. h4 b5 14. Bxd5 cxd5
15. Nxb5 Bd7 16. Qd3 Qa5 17. Nc3 Rec8 18. Kb1 Rab8 19. Rd2 Bb4 20. Rh3 Bxc3 21.
Rc2 Bb5 22. Qd1 Ba4 23. b3 Bxb3 24. axb3 Qa1# 0-1

[Event "AUTO-INT-2302"]
[Site "http://www.queenalice.com/game.php?id=1051516"]
[Date "2012.4.22"]
[Round "1"]
[White "Robert_Faria"]
[Black "Tartcover"]
[Result "1-0"]
[WhiteElo "1678"]
[BlackElo "1635"]

1. d4 d5 2. c4 e6 3. Nc3 Nf6 4. Bg5 h6 5. Bh4 Be7 6. Bxf6 Bxf6 7. Nf3 Nc6 8. e3
O-O 9. Rc1 b6 10. Na4 Qe7 11. cxd5 exd5 12. Rxc6 Qb4+ 13. Nd2 Bd7 14. a3 Qe7 15.
Rxc7 Rfd8 16. Bb5 Qd6 17. Rxd7 Rxd7 18. Bxd7 Qxd7 19. O-O Rc8 20. Nc3 a6 21. Na4
Qb5 22. b3 Be7 23. b4 Qd7 24. Nxb6 1-0

[Event "Let's Play Chess!"]
[Site "http://www.queenalice.com/game.php?id=1053043"]
[Date "2012.4.26"]
[Round "-"]
[White "Kingfish"]
[Black "Tartcover"]
[Result "1-0"]
[WhiteElo "1891"]
[BlackElo "1660"]

1. e4 e5 2. Nf3 Nc6 3. d4 exd4 4. Nxd4 Nxd4 5. Qxd4 d6 6. e5 Be7 7. Bf4 c5 8.
Qc3 Be6 9. Nd2 f6 10. exd6 Bxd6 11. Bb5+ Kf7 12. Bxd6 Qxd6 13. Bc4 Rd8 14. Bxe6+
Qxe6+ 15. Qe3 Ne7 16. Qxe6+ Kxe6 17. O-O-O Nc6 18. Nf3 Rxd1+ 19. Rxd1 Nb4 20.
Kb1 Rc8 21. a3 Nd5 22. g3 h6 23. c4 Nb6 24. b3 Kf5 25. Nh4+ Kg5 26. h3 Re8 27.
f4+ Kh5 28. Kc2 Re2+ 29. Rd2 Rxd2+ 30. Kxd2 a5 31. a4 Nd7 32. Kd3 b6 33. Ke4 Nf8
34. Kf5 Nd7 35. Nf3 g6+ 36. Ke6 Nf8+ 37. Kxf6 Nh7+ 38. Kg7 g5 39. g4# 1-0

[Event "AUTO-INT-2348"]
[Site "http://www.queenalice.com/game.php?id=1070744"]
[Date "2012.6.11"]
[Round "1"]
[White "nuage"]
[Black "Tartcover"]
[Result "1-0"]
[WhiteElo "1570"]
[BlackElo "1590"]

1. Nf3 d5 2. d3 Nf6 3. g3 Bg4 4. Bg2 Nc6 5. O-O e5 6. Bg5 Be7 7. a3 Bxf3 8. Bxf3
Nd4 9. c3 Nxf3+ 10. exf3 O-O 11. Re1 Qd6 12. Nd2 c5 13. c4 Rad8 14. f4 e4 15.
dxe4 dxe4 16. Nxe4 Qxd1 17. Raxd1 Rxd1 18. Rxd1 h6 19. Bxf6 Bxf6 20. Nxf6+ gxf6
21. Rd7 Rb8 22. Kg2 Kf8 23. Kf3 Ke8 24. Rc7 b5 25. Rxc5 bxc4 26. Rxc4 Rxb2 27.
Kg2 a5 28. Rc6 Ke7 29. Ra6 Rb5 30. a4 Rc5 31. Kf3 h5 32. h4 f5 33. Ke3 Kd7 34.
Kd4 Rc2 35. Rxa5 Rxf2 36. Rxf5 Ke6 37. Rxh5 Ra2 38. Rh6+ Kf5 39. Ra6 Ra3 40. h5
Rxg3 41. h6 Rh3 42. a5 Kxf4 43. Rf6+ Kg5 44. Rxf7 Rxh6 45. Rg7+ Kf5 46. Rf7+ Kg5
47. Rg7+ Kf5 48. Kc5 Ke5 49. Kb5 Rd6 50. a6 Rd1 51. a7 Ra1 52. Kb6 Kd6 53. Kb7
Rb1+ 54. Kc8 Rc1+ 55. Kb8 Rb1+ 56. Rb7 1-0

[Event "AUTO-INT-2348"]
[Site "http://www.queenalice.com/game.php?id=1070745"]
[Date "2012.6.11"]
[Round "1"]
[White "Tartcover"]
[Black "nuage"]
[Result "0-1"]
[WhiteElo "1621"]
[BlackElo "1540"]

1. d4 Nf6 2. c4 e6 3. Nc3 Bb4 4. Bd2 O-O 5. e4 Nc6 6. a3 Bxc3 7. bxc3 Nxe4 8.
Bd3 Nd6 9. Nf3 b6 10. Qc2 f5 11. O-O Ba6 12. Ne5 Ne7 13. Rfe1 c6 14. h4 c5 15.
Bg5 Qe8 16. Re3 Bb7 17. Rg3 Be4 18. Bxe4 fxe4 19. dxc5 bxc5 20. Bh6 Ndf5 21.
Bxg7 Nxg7 22. Qxe4 Nf5 23. Rg4 Qh5 24. Nxd7 Nd6 25. Qe2 Rf5 26. Qxe6+ Nf7 27.
Rg5 Rxg5 28. Nf6+ Kh8 29. Nxh5 Nxe6 30. hxg5 Nfxg5 31. Rd1 Ne4 32. Rd3 Rd8 33.
Rd5 Nxc3 34. Rxd8+ Nxd8 35. f4 Nb1 36. f5 Nxa3 37. f6 Kg8 38. g4 Nf7 39. Kf2
Nxc4 40. Ke2 a5 41. Kd3 Nfe5+ 42. Kc3 Nd6 43. g5 Ng6 44. Ng7 Ne4+ 45. Kc4 Nxg5
0-1

[Event "AUTO-INT-2348"]
[Site "http://www.queenalice.com/game.php?id=1070760"]
[Date "2012.6.11"]
[Round "1"]
[White "ac2012"]
[Black "Tartcover"]
[Result "1-0"]
[WhiteElo "1737"]
[BlackElo "1592"]

1. e4 e5 2. Nf3 Nc6 3. Bc4 Nf6 4. d3 Bc5 5. h3 O-O 6. c3 a6 7. a3 b5 8. Ba2 Qe7
9. b4 Ba7 10. c4 Nd4 11. Bb2 Bb7 12. Nbd2 Rad8 13. Nxd4 Bxd4 14. Rb1 d5 15. exd5
bxc4 16. dxc4 g6 17. O-O Nh5 18. Re1 Qf6 19. Nf3 Rfe8 20. Nxd4 exd4 21. Qxd4
Qxd4 22. Bxd4 Nf4 23. Rbd1 h5 24. Be5 g5 25. Bxc7 Rxe1+ 26. Rxe1 Rd7 27. d6 Bxg2
28. Re7 Rxe7 29. dxe7 Bc6 30. Bxf4 gxf4 31. Bb3 Kg7 32. a4 Be8 33. b5 axb5 34.
cxb5 Kf6 35. b6 Bc6 36. a5 Kxe7 37. a6 Kd7 38. Bxf7 Kc8 39. Bxh5 Bb5 40. a7 Bc6
41. Be8 Bb7 42. h4 Kd8 43. Bb5 Ke7 44. Ba6 1-0

[Event "AUTO-INT-2348"]
[Site "http://www.queenalice.com/game.php?id=1070761"]
[Date "2012.6.11"]
[Round "1"]
[White "Tartcover"]
[Black "ac2012"]
[Result "0-1"]
[WhiteElo "1582"]
[BlackElo "1747"]

1. d4 e6 2. c4 b6 3. Nc3 Bb7 4. Nf3 Nf6 5. Bg5 Be7 6. e3 O-O 7. Bd3 h6 8. Bxf6
Bxf6 9. O-O d5 10. Qc2 dxc4 11. Bxc4 Nd7 12. Rad1 Bxf3 13. gxf3 Bh4 14. Ne4 Nf6
15. Kh1 a6 16. Rg1 b5 17. Bd3 Nxe4 18. Bxe4 Rc8 19. Bh7+ Kh8 20. Rg2 f5 21. Bg6
Qf6 22. Qc6 Bxf2 23. e4 Bxd4 24. b3 Bb6 25. exf5 exf5 26. Qxf6 Rxf6 27. Bh5 Kh7
28. Rd7 Re6 29. Rdxg7+ Kh8 30. Bf7 Re1+ 31. Rg1 Bxg1 32. Rxg1 Rxg1+ 33. Kxg1 c5
34. Kf2 Rd8 35. Kg3 Rd2 36. a3 a5 37. h4 Rd4 38. Bg6 Rd3 39. Bxf5 Rxb3 40. Bd7
b4 41. a4 Rb2 42. f4 Kg7 43. f5 c4 44. Bc6 c3 45. Be4 c2 0-1

[Event "AUTO-INT-2348"]
[Site "http://www.queenalice.com/game.php?id=1070772"]
[Date "2012.6.11"]
[Round "1"]
[White "Tartcover"]
[Black "leking"]
[Result "0-1"]
[WhiteElo "1651"]
[BlackElo "1660"]

1. d4 d5 2. c4 dxc4 3. e3 Nf6 4. Nc3 e6 5. Bxc4 Nc6 6. Nf3 Bb4 7. O-O Na5 8. a3
Nxc4 9. Qa4+ Bd7 10. Qxb4 Nb6 11. Ne2 Nfd5 12. Ng3 Nxb4 0-1

[Event "AUTO-INT-2348"]
[Site "http://www.queenalice.com/game.php?id=1070773"]
[Date "2012.6.11"]
[Round "1"]
[White "leking"]
[Black "Tartcover"]
[Result "0-1"]
[WhiteElo "1657"]
[BlackElo "1573"]

1. e4 e5 2. d4 exd4 3. Qxd4 Nc6 4. Qd1 Bc5 5. Nc3 Nf6 6. Na4 Bd4 7. Nf3 O-O 8.
Nxd4 Nxe4 9. Nxc6 bxc6 10. Bd3 Re8 11. O-O d5 12. Be2 Rb8 13. f3 Nd6 14. b3 Qf6
15. Bb2 Qe7 16. Rf2 Nf5 17. Qd2 Nh4 18. c4 Bd7 19. Nc3 g6 20. Re1 Qd6 21. f4 Qc5
22. Nd1 Be6 23. Ne3 Rbd8 24. Bd4 Qe7 25. Be5 dxc4 26. Qc2 cxb3 27. Bg4 Bxg4 28.
axb3 Be6 29. Nc4 Bxc4 30. Qxc4 Nf5 31. Rfe2 Qh4 32. g3 Qg4 33. Qc3 h5 34. Kg2 h4
35. Kh1 hxg3 36. Rg2 Rd1 37. Qb4 Rxe5 38. Rxd1 Qxd1+ 39. Rg1 g2+ 40. Kxg2 Re2+
0-1

[Event "AUTO-INT-2370"]
[Site "http://www.queenalice.com/game.php?id=1078607"]
[Date "2012.7.2"]
[Round "1"]
[White "maurice91"]
[Black "Tartcover"]
[Result "0-1"]
[WhiteElo "1646"]
[BlackElo "1602"]

1. d4 Nf6 2. c4 e6 3. g3 Nc6 4. Nc3 Bb4 5. Bg5 h6 6. Bxf6 Qxf6 7. e3 O-O 8. Bg2
Bxc3+ 9. bxc3 Ne7 10. Ne2 c6 11. O-O d5 12. cxd5 exd5 13. Qb3 b5 14. a4 Bg4 15.
Nf4 g5 16. Nh3 Be2 17. Rfe1 Bc4 18. Qc2 Rfe8 19. axb5 Bxb5 20. Qb3 a5 21. f3 Nf5
22. Kf2 a4 23. Qc2 a3 24. Ra2 Bc4 25. Raa1 Reb8 26. Kg1 Rb2 27. Qc1 Qd8 28. g4
Nh4 29. Bh1 Qf6 30. Qd1 a2 31. Nf2 Ra3 32. Qc1 Rbb3 33. Nd1 Ra8 34. Kf2 Rab8 35.
Qd2 Rb1 36. Qc2 Rxa1 37. e4 Rab1 38. exd5 Bxd5 39. Re3 a1=Q 40. Rd3 R8b2 41.
Nxb2 Rf1+ 0-1

[Event "AUTO-INT-2370"]
[Site "http://www.queenalice.com/game.php?id=1078608"]
[Date "2012.7.2"]
[Round "1"]
[White "Tartcover"]
[Black "maurice91"]
[Result "0-1"]
[WhiteElo "1611"]
[BlackElo "1796"]

1. d4 d5 2. c4 c6 3. Nc3 Nf6 4. Nf3 e6 5. a3 Na6 6. e3 dxc4 7. Bxc4 Nc7 8. O-O
Be7 9. b4 b5 10. Bd3 Bb7 11. Qc2 Rc8 12. Re1 Ncd5 13. Bb2 a5 14. Rec1 axb4 15.
Nxd5 cxd5 16. Bxb5+ Nd7 17. Bxd7+ Qxd7 18. Qd3 O-O 19. Ne5 Qd6 20. Qb5 Ba8 21.
axb4 Qxb4 22. Qxb4 Rxc1+ 0-1

[Event "AUTO-INT-2370"]
[Site "http://www.queenalice.com/game.php?id=1078623"]
[Date "2012.7.2"]
[Round "1"]
[White "NickThorp"]
[Black "Tartcover"]
[Result "1-0"]
[WhiteElo "1612"]
[BlackElo "1618"]

1. e4 e5 2. Nf3 Nc6 3. Bb5 a6 4. Bxc6 dxc6 5. O-O Bg4 6. d3 Bd6 7. Nc3 Nf6 8.
Bg5 O-O 9. h3 Bxf3 10. Qxf3 h6 11. Bh4 g5 12. Qg3 Nh5 13. Qg4 Nf4 14. g3 Ne6 15.
f4 exf4 16. gxf4 Bxf4 17. Ne2 Be3+ 18. Bf2 Bxf2+ 19. Rxf2 Nd4 20. Nf4 Kh7 21. c3
Ne6 22. Nxe6 1-0

[Event "AUTO-INT-2370"]
[Site "http://www.queenalice.com/game.php?id=1078624"]
[Date "2012.7.2"]
[Round "1"]
[White "Tartcover"]
[Black "NickThorp"]
[Result "1-0"]
[WhiteElo "1602"]
[BlackElo "1609"]

1. d4 d5 2. c4 Nf6 3. Nf3 e6 4. Nc3 Bb4 5. Bd2 O-O 6. a3 Bxc3 7. Bxc3 dxc4 8. e3
Ne4 9. Bxc4 a6 10. Bd3 Ng5 11. Ne5 f6 12. Nc4 f5 13. O-O b5 14. Ne5 Qd6 15. Bb4
Qd5 16. Bxf8 Kxf8 17. Qh5 h6 18. Ng6+ Ke8 19. Nf4+ 1-0

[Event "AUTO-INT-2370"]
[Site "http://www.queenalice.com/game.php?id=1078635"]
[Date "2012.7.2"]
[Round "1"]
[White "Tartcover"]
[Black "joao_messias"]
[Result "0-1"]
[WhiteElo "1620"]
[BlackElo "1637"]

1. d4 d5 2. c4 dxc4 3. Nc3 c6 4. e4 b5 5. Nf3 Bb7 6. Be2 a6 7. O-O Nf6 8. e5 Nd5
9. Qc2 Nxc3 10. Qxc3 e6 11. Re1 a5 12. a4 Bb4 13. Qe3 Bxe1 14. Nxe1 O-O 15. Ra3
Qe7 16. Qg3 g6 17. Bh6 Re8 18. Rf3 c5 19. Rf6 cxd4 20. Bh5 Be4 21. Nf3 Nd7 22.
Rf4 Bf5 23. Bg5 Qf8 24. Bf6 Nxf6 25. exf6 Qh6 26. Bg4 e5 27. Rxf5 Qc1+ 0-1

[Event "AUTO-INT-2370"]
[Site "http://www.queenalice.com/game.php?id=1078636"]
[Date "2012.7.2"]
[Round "1"]
[White "joao_messias"]
[Black "Tartcover"]
[Result "1-0"]
[WhiteElo "1657"]
[BlackElo "1605"]

1. e4 e5 2. Nf3 Nc6 3. d3 Nf6 4. a3 Be7 5. Nc3 O-O 6. Nd5 Nxd5 7. exd5 Nd4 8.
Nxe5 d6 9. Nf3 Bg4 10. Be2 Re8 11. Nxd4 Bxe2 12. Nxe2 Bf6 13. O-O Be5 14. Ng3
Qf6 15. Ne4 Qe7 16. Re1 Qh4 17. g3 Qh3 18. d4 f5 19. dxe5 fxe4 20. Rxe4 Rxe5 21.
Rxe5 dxe5 22. Be3 Rd8 23. Qf3 Rf8 24. Qg2 Qf5 25. c4 Qc2 26. Qf1 Qxb2 27. a4 e4
28. Rb1 Qa2 29. Rxb7 Qxa4 30. Rxa7 1-0